000 00650nam a2200181Ia 4500
008 151018s9999 xx 000 0 und d
082 _bRBASDV43307
_a891.433
100 _aसंजीव गुप्ता
245 _aसाहसी बच्चों के कारनामे
250 _b1
260 _bकिताबहार
_c2006
300 _a63
600 _aसंजीव गुप्ता
630 _aसाहसी बच्चों के कारनामे
700 _aसंजीव गुप्ता
730 _aसाहसी बच्चों के कारनामे
942 _cBOOK
999 _c1042521
_d1042518